000
00277nam a2200109Ia 4500
008
190216s9999||||xx |||||||||||||| ||und||
100
_a
Seth M L
245
0
_a
Money Banking And International Trade
260
_b
Lakshmi Narain Agarwal Pub
_c
1998
300
_a
550p
942
_c
REF
999
_c
36603
_d
36603